THE OXFORD HAND BOOK THE EAR HEARING (Record no. 17888)

MARC details
000 -LEADER
fixed length control field 00288nam a22001337a 4500
003 - CONTROL NUMBER IDENTIFIER
control field SGT
082 ## - DEWEY DECIMAL CLASSIFICATION NUMBER
Classification number 617.8
Item number O10M
100 ## - MAIN ENTRY--PERSONAL NAME
Personal name MOORE, D.R./ FUCHES
245 ## - TITLE STATEMENT
Title THE OXFORD HAND BOOK THE EAR HEARING
250 ## - EDITION STATEMENT
Edition statement 3RD
260 ## - PUBLICATION, DISTRIBUTION, ETC. (IMPRINT)
Name of publisher, distributor, etc OXFORD UNI
Year of Publication 2010
300 ## - PAGE DESCRIPTION
No. of Pages 450
942 ## - ADDED ENTRY ELEMENTS (KOHA)
Source of classification or shelving scheme Dewey Decimal Classification
Koha item type Books
Holdings
Withdrawn status Lost status Source of classification or shelving scheme Damaged status Not for loan Collection code Home library Current library Shelving location Date acquired Vendor Name Cost, normal purchase price SGTU Bill Number Total Checkouts Full call number Accession No. (Barcode) Date last seen Bill Date Koha item type
    Dewey Decimal Classification   Not For Loan MEDICAL SGT Medical Library SGT Medical Library Reference Book 19/04/2019 ADWLL BOOK 6000.00 SGTU 1331   617.8 O10M FM11262 19/04/2019 05/04/2019 Books